000
00211 a2200109 4500
020
_a
0-8136-6725-9
041
_a
spa
100
_a
Walker Colin
245
_a
Las Plantas So Valiosas
942
_c
BK
952
_7
4
999
_c
23377
_d
23377